LEADER 01747nam 2200481I 450 001 9910703635003321 005 20150402143335.0 035 $a(CKB)5470000002433363 035 $a(OCoLC)906048814 035 $a(EXLCZ)995470000002433363 100 $a20150402j199205 ua 0 101 0 $aeng 135 $aurbn||||||||| 181 $ctxt$2rdacontent 182 $cc$2rdamedia 183 $acr$2rdacarrier 200 10$aApplication of a laser scanner to three dimensional visual sensing tasks /$fby Arthur M. Ryan 210 1$aTroy, New York :$cRensselaer Polytechnic Institute, Electrical, Computer, and Systems Engineering Department,$dMay 1992. 215 $a1 online resource (viii, 127 pages) $cillustrations 225 1 $aNASA-CR ;$v191834 225 1 $aCIRSSE report ;$v#112 300 $aTitle from title screen (viewed on April 2, 2015). 300 $a"May 1992." 320 $aIncludes bibliographical references (pages 121-123). 606 $aLaser applications$2nasat 606 $aLaser beams$2nasat 606 $aOptical scanners$2nasat 606 $aStereoscopic vision$2nasat 606 $aVisual tasks$2nasat 615 7$aLaser applications. 615 7$aLaser beams. 615 7$aOptical scanners. 615 7$aStereoscopic vision. 615 7$aVisual tasks. 700 $aRyan$b Arthur M.$01403588 712 02$aRensselaer Polytechnic Institute.$bElectrical, Computer, and Systems Engineering Department, 712 02$aUnited States.$bNational Aeronautics and Space Administration, 801 0$bGPO 801 1$bGPO 906 $aBOOK 912 $a9910703635003321 996 $aApplication of a laser scanner to three dimensional visual sensing tasks$93536459 997 $aUNINA LEADER 02049nam 2200421 450 001 9910810577003321 005 20230807211121.0 010 $a2-8323-2151-8 035 $a(CKB)3580000000002219 035 $a(MiAaPQ)EBC6530468 035 $a(Au-PeEL)EBL6530468 035 $a(OCoLC)1244627160 035 $a(EXLCZ)993580000000002219 100 $a20220602d2015 uy 0 101 0 $afre 135 $aurcnu|||||||| 181 $ctxt$2rdacontent 182 $cc$2rdamedia 183 $acr$2rdacarrier 200 13$aLe minimum the?orique $etout ce qu'il faut savoir pour commencer a? faire de la physique /$fLeonard Susskind and George Hrabovsky 210 1$aLausanne, Switzerland :$cEPFL Press,$d[2015] 210 4$dİ2015 215 $a1 online resource (273 pages) 311 $a2-88915-115-8 320 $aIncludes bibliographical references. 327 $aCouverture -- Table des matie?res -- Pre?face -- Lec?on 1: La nature de la physique classique -- Interlude 1: Espaces, trigonome?trie et vecteurs -- Lec?on 2: Le mouvement -- Interlude 2: Le calcul inte?gral -- Lec?on 3: Lois de la dynamique -- Interlude 3: Diffe?rentiation partielle -- Lec?on 4: Syste?mes a? plus d'une particule -- Lec?on 5: L' energie -- Lec?on 6: Le principe de moindre action -- Lec?on 7: Syme?tries et lois de conservation -- Lec?on 8: Me?canique hamiltonienne et invariance par translation dans le temps -- Lec?on 9: Le fluide de l'espace des phases et le the?ore?me de Gibbs-Liouville -- Lec?on 10: Les crochets de Poisson, le moment angulaire et les syme?tries -- Lec?on 11: Forces e?lectriques et magne?tiques -- Appendice: Forces centripe?tes et orbites plane?taires -- Index. 606 $aPhysics 615 0$aPhysics. 676 $a294.33653 700 $aSusskind$b Leonard$0447974 702 $aHrabovsky$b George 801 0$bMiAaPQ 801 1$bMiAaPQ 801 2$bMiAaPQ 906 $aBOOK 912 $a9910810577003321 996 $aLe minimum the?orique$93926974 997 $aUNINA